00338nam a2200133 450000500170000010000210001724500230003826400380006130000180009933600220011733700240013933800240016399900170018720260530115256.01 aPepin Von Roojen10aJapanese Patterns  1bPEPIN Agile Rabitt Editionsc2003 a168 páginas atexto2rdacontent asin medio2rdamedia avolumen2rdacarrier c12590d12590